Διαχείριση προορισμού (D.M.S.) για την πόλή της Αθήνας & πως μπορούν να συνεισφέρουν ο συνεδριακός & εκθεσιακός τουρισμός στην τουριστική προώθηση της Αθήνας : διπλωματική εργασία
Αποθηκεύτηκε σε:
| Κύριος συγγραφέας: | |
|---|---|
| Συγγραφή απο Οργανισμό/Αρχή: | |
| Άλλοι συγγραφείς: | |
| Μορφή: | Thesis Βιβλίο |
| Γλώσσα: | Greek |
| Δημοσίευση: |
2009
|
| Θέματα: | |
| Διαθέσιμο Online: | http://hdl.handle.net/11610/11528 |
| Ετικέτες: |
Προσθήκη ετικέτας
Δεν υπάρχουν, Καταχωρήστε ετικέτα πρώτοι!
|
MARC
| LEADER | 00000cam a2200000 i 4500 | ||
|---|---|---|---|
| 001 | 1/12840 | ||
| 008 | 110407s2009 gre d | ||
| 035 | |l 10109949 | ||
| 040 | |a GR-MY-UA |b gre |e aacr | ||
| 041 | 0 | |a gre | |
| 082 | 0 | |a 338.4791094512 |2 (22) | |
| 100 | 1 | |a Στεργίου, Παναγιώτης. | |
| 245 | 1 | 0 | |a Διαχείριση προορισμού (D.M.S.) για την πόλή της Αθήνας & πως μπορούν να συνεισφέρουν ο συνεδριακός & εκθεσιακός τουρισμός στην τουριστική προώθηση της Αθήνας : |b διπλωματική εργασία / |c Στεργίου Παναγιώτης ; επιβλέπων καθηγητής: Δρ. Τσάρτας Πάρις |
| 260 | |c 2009 | ||
| 300 | |a 139 σ.; |b διαγρ., πίν.; |c 30 εκ. | ||
| 502 | |a Διατριβή (μεταπτυχιακή) – Πανεπιστήμιο Αιγαίου, Χίος, 2009. | ||
| 504 | |a Περιλαμβάνει βιβλιογραφία | ||
| 650 | 0 | 0 | |a Tourism |z Greece |z Athens. |
| 650 | 0 | |a Tourism |z Greece |z Athens |x Marketing. | |
| 650 | 0 | 0 | |a Tourism |x Management. |
| 650 | 0 | 0 | |a Tourism |x Planning. |
| 650 | 0 | 0 | |a Tourism |x Business management. |
| 650 | 0 | 0 | |a Dissertations, Academic |z Greece. |
| 700 | 1 | |a Τσάρτας, Πάρις, |d 1956- |4 ths | |
| 710 | 2 | |a Πανεπιστήμιο Αιγαίου |b Σχολή Επιστημών της Διοίκησης |b Τμήμα Διοίκησης Επιχειρήσεων |b Πρόγραμμα Μεταπτυχιακών Σπουδών "Σχεδιασμός, Διοίκηση και Πολιτική του Τουρισμού". | |
| 852 | |a INST |b CHIOS |c DIATR |e 20110407 |h 338.4791049512 ΣΤΕ |p 005200032336 |q 005200032336 |t MTXE |y 23 | ||
| 852 | |a INST |b CHIOS |c DIATR |e 20110407 |h 338.4791049512 ΣΤΕ |p 005200032337 |q 005200032337 |t MTXE |y 23 | ||
| 856 | |u http://hdl.handle.net/11610/11528 | ||
| 901 | |a BIBL2-2011-1 | ||
| 909 | |a Χ |b 148528 | ||
| 909 | |a Χ |b 148529 | ||
| 924 | |a Στεργίου |b Παναγιώτης |y Χίος |z 2009-10 | ||
| 970 | |a Παροικάκη |b Βασιλική |z 2011/04/07 | ||